000
00194nam a2200085Ia 4500
008
120527s9999 xx 000 0 und d
100
_a
THOMPSON, C.
245
_a
African art portfolio
942
_c
BK
999
_c
25093
_d
25093